000 00363nam a22001577a 4500
999 _c262720
_d262719
003 OSt
005 20240202115432.0
008 240202b xxu||||| |||| 00| 0 eng d
020 _a0689503008
040 _cN/A
050 _aPZ7
_bL6575
100 _aGunnel Linde
245 _aTrust in the Unexpected
260 _aNewYork
_bAtheneum
_c1984
942 _2lcc
_cBK